000 00238nam a2200097Ia 4500
008 240625s9999 xx 000 0 und d
041 _aeng
082 _a808.20 ROY
100 _aROY KUNAL
245 _aBRANDING STRATEGIES FOR CLIENTS OF DY WO
999 _c38071
_d38071